000 01090cam a22003377a 4500
003 CHAP
005 20220329133752.0
008 971013s1944 r 00010 d
010 _a10598
011 _a11570
035 _a10809
040 _cCHAP
090 _aTesis
100 0 0 _aAcosta Velasco, Lorenzo.
_9708
245 1 3 _aLa inflación y nuestra agricultura
260 _aMéxico, D.F. :
_bEl autor,
_c1944
300 _a55 p.
_b: anexos
502 _aTesis (Ing. Agr. Esp. en Economía) -- ENA. Departamento de Economía Agrícola
590 _aALEPH
_b10
_c20130110
_lUCH01
_h1227
590 _aBATCH-UPD
_b10
_c20130110
_lUCH01
_h1802
590 _aBATCH-UPD
_b10
_c20130410
_lUCH01
_h1138
590 _aBATCH-UPD
_b10
_c20130914
_lUCH01
_h1638
590 _aCONVERSION
_b10
_c20130109
_lUCH01
_h1307
650 1 4 _aAgricultura
_xAspectos economicos
_zMexico.
_91312
650 1 4 _aInflación.
_958064
901 _aBK
942 _cFOLL
949 _bBC
_cTES
_d-22729
_eTS1
_i10809
_si
949 _bBC
_cTES
_d-22730
_eTS2
_fc.2
_i10809
_si
949 _bBC
_cTES
_d-22732
_eTS2
_fc.3
_i10809
_si
999 _c10598
_d10598